Zostavenie rozpočtu na prelome rokov 2018/2019 v otázkach a odpovediach

Zostavenie a schválenie rozpočtu na rok 2019 vzhľadom na roky 2020 a 2021. Viaceré samosprávy vstupujú do roku 2019 v provizóriu a čaká ich následne schválenie predloženého rozpočtu zastupiteľstvom obce a miest. Vybrané problémy z praxe na prelome rokov 2018/2019 v otázkach a odpovediach.

Enregistré dans:
Détails bibliographiques
Auteur principal: Sýkora, Jozef
Format: Chapitre de livre
Langue:slovaque
Sujets:
Tags: Ajouter un tag
Pas de tags, Soyez le premier à ajouter un tag!

MARC

LEADER 00000naa a2200000 4500
001 0250472
005 20190129111138.5
041 0 |a slo 
044 |a SK 
245 1 0 |a Zostavenie rozpočtu na prelome rokov 2018/2019 v otázkach a odpovediach  |c Jozef Sýkora 
520 |a Zostavenie a schválenie rozpočtu na rok 2019 vzhľadom na roky 2020 a 2021. Viaceré samosprávy vstupujú do roku 2019 v provizóriu a čaká ich následne schválenie predloženého rozpočtu zastupiteľstvom obce a miest. Vybrané problémy z praxe na prelome rokov 2018/2019 v otázkach a odpovediach. 
610 2 0 |a samospráva miestna 
610 2 0 |a rozpočet miestny 
610 2 0 |a obce 
610 2 0 |a mestá 
610 2 0 |a organizácie príspevkové 
610 2 0 |a organizácie rozpočtové 
610 2 0 |a pravidlá rozpočtové 
100 1 |a Sýkora, Jozef